=LDR 00000nam 2200000 4500 =001 INLIS000000000040173 =005 20130612145742 =008 ***********************************ind** =035 ##$$0010-061300000040173 =041 ##$$a ind =082 ##$$a 744.59853 =090 ##$$a 744.59853, Pend p =100 ##$$a Pendidikana, kebudayaan =245 ##$$a Permainan Anak-anak Daerah NTB =650 ##$$a Permainan Anak =850 ##$$a NBPNMAT =990 ##$$a 72517251 =990 ##$$a 01201807251